Managerial finance. Volume 33, Number 11, Approaches on firm valuation

Bibliographic Details
Corporate Author: ProQuest (Firm)
Format: Electronic eBook
Language:English
Published: [Bradford, England] : Emerald, 2007.
Subjects:
Online Access:Click to View
LEADER 01129nam a2200313Ia 4500
001 EBC328759
003 MiAaPQ
005 20200520144314.0
006 m o d |
007 cr cn|||||||||
008 751010s2007 enk s 000 0 eng d
010 |z  90643916  
020 |z 9781846636400 
035 |a (MiAaPQ)EBC328759 
035 |a (Au-PeEL)EBL328759 
035 |a (CaPaEBR)ebr10211666 
035 |a (CaONFJC)MIL114387 
035 |a (OCoLC)192023315 
040 |a MiAaPQ  |c MiAaPQ  |d MiAaPQ 
050 4 |a HG4001  |b .M33311 2007 
245 0 0 |a Managerial finance.  |n Volume 33, Number 11,  |p Approaches on firm valuation  |h [electronic resource]. 
260 |a [Bradford, England] :  |b Emerald,  |c 2007. 
300 |a p. 834-944. 
533 |a Electronic reproduction. Ann Arbor, MI : ProQuest, 2015. Available via World Wide Web. Access may be limited to ProQuest affiliated libraries. 
650 0 |a Business enterprises  |x Finance. 
650 0 |a Corporations  |x Finance. 
655 4 |a Electronic books. 
710 2 |a ProQuest (Firm) 
856 4 0 |u https://ebookcentral.proquest.com/lib/matrademy/detail.action?docID=328759  |z Click to View